Statistics for Flying Fish Quiz

Click here to take the quiz!

General Stats

  • This quiz has been taken 7 times
  • The average score is 3 of 8

Answer Stats

QuestionAnswer% Correct
How many oceans have flying fish?Five
100%
Which North American country is called the land of the flying fish?Barbados
57%
What is the name of a group of flying fish?School
57%
What are flying fish attracted to which fishermen take advantage of?Light
43%
What is the longest distance recorded a flying fish has flew by stretching out flights?1,312 feet
14%
How fast do they go when starting to glide rounded to the nearest whole number?37 miles per hour
14%
What is the longest recorded flight time-wise for a flying fish?45 seconds
14%
What family are flying fish in?Exocoetidae
14%

Score Distribution

Percentile by Number Answered

Percent of People with Each Score

Your Score History

You have not taken this quiz